Sử dụng thuốc bảo vệ thực vật an toàn, hiệu quả
Trình bày đặc điểm chung của nhóm thuốc, tên một số hoạt chất và tên thương mại thuốc được dùng trừ sâu cuốn lá trên lúa, bọ xít muỗi trên điều.
Đã lưu trong:
| 主要作者: | |
|---|---|
| 格式: | 图书 |
| 语言: | Undetermined |
| 出版: |
Hà Nội
Nông Nghiệp
2016
|
| 主题: | |
| 标签: |
添加标签
没有标签, 成为第一个标记此记录!
|
| Thư viện lưu trữ: | Trung tâm Học liệu Trường Đại học Cần Thơ |
|---|
| LEADER | 00938nam a2200205Ia 4500 | ||
|---|---|---|---|
| 001 | CTU_224641 | ||
| 008 | 210402s9999 xx 000 0 und d | ||
| 082 | |a 632.95 | ||
| 082 | |b V305/T.2 | ||
| 100 | |a Nguyễn, Văn Viên | ||
| 245 | 0 | |a Sử dụng thuốc bảo vệ thực vật an toàn, hiệu quả | |
| 245 | 0 | |c Nguyễn Văn Viên | |
| 260 | |a Hà Nội | ||
| 260 | |b Nông Nghiệp | ||
| 260 | |c 2016 | ||
| 520 | |a Trình bày đặc điểm chung của nhóm thuốc, tên một số hoạt chất và tên thương mại thuốc được dùng trừ sâu cuốn lá trên lúa, bọ xít muỗi trên điều. | ||
| 650 | |a Agricultural chemicals,Insecticides,Hoá chất nông nghiệp,Thuốc trừ sâu | ||
| 650 | |x Application,Ứng dụng | ||
| 904 | |i Qhieu -Linh, Sương | ||
| 980 | |a Trung tâm Học liệu Trường Đại học Cần Thơ | ||